Aktualizácia k zákonom II/2002 Občiansky súdny poriadok
Gespeichert in:
| Format: | Buch |
|---|---|
| Sprache: | Slowakisch |
| Veröffentlicht: |
Žilina
PORADCA
2002
|
| Schriftenreihe: | Aktualizácia
II/4 |
| Tags: |
Keine Tags, Fügen Sie das erste Tag hinzu!
|
MARC
| LEADER | 00000nam a2200000 4500 | ||
|---|---|---|---|
| 001 | c136414 | ||
| 005 | 20250619115532.2 | ||
| 022 | |a 1335-6127 | ||
| 041 | 0 | |a slo | |
| 044 | |a SK | ||
| 245 | 1 | 0 | |a Aktualizácia k zákonom II/2002 |b Občiansky súdny poriadok |
| 264 | 1 | |a Žilina |b PORADCA |c 2002 | |
| 300 | |a 184 s. | ||
| 490 | 1 | |a Aktualizácia |v II/4 | |
| 830 | 0 | |a Aktualizácia |v II/4 | |